000 00575nam a22002177a 4500
001 00028564
005 20260313113856.0
008 260313b ag ||||| |||| 00| 0 spa d
020 _a8401011043
040 _aAR-CcCEOS
_bspa
_cAR-CcCEOS
041 _aspa
080 _a850-3
090 _bTAM
100 1 _aTamaro, Susanna,
_d1957-
_9891
245 _aEl respiro quieto /
_cSusanna Tamaro
250 _a1ª ed.
264 _aBarcelona :
_bPlaza & Janés,
_cc1997.
300 _a94 p. ;
_c24x15 cm.
655 0 _aliteratura italiana
_vnovela
_9892
942 _2udc
_cBK
_n0
999 _c28594
_d28594